[Event "Olaria x Palmeiras"]
[Site "http://www.queenalice.com/game.php?id=20027"]
[Date "2005.7.17"]
[Round "-"]
[White "Adriano_Pereira"]
[Black "Wendt"]
[Result "1-0"]
[WhiteElo "1414"]
[BlackElo "961"]

1. e4 Nf6 2. Qf3 d5 3. exd5 Qxd5 4. Nc3 Qxf3 5. gxf3 Nd5 6. Nxd5 c6 7. Nc7+ Kd8
8. Nxa8 Nd7 9. d4 b5 10. Bf4 e5 11. Bxe5 Nxe5 12. dxe5 1-0

[Event "Olaria x Palestra Italia"]
[Site "http://www.queenalice.com/game.php?id=20092"]
[Date "2005.7.17"]
[Round "-"]
[White "Adriano_Pereira"]
[Black "Wendt"]
[Result "1-0"]
[WhiteElo "1398"]
[BlackElo "961"]

1. e4 e5 2. Qh5 Nc6 3. Bc4 g6 4. Qf3 Nh6 5. d4 Nxd4 6. Qd1 b5 7. Bf1 a6 8. c3
Nc6 9. Nh3 Bc5 10. Bxh6 d6 11. Bg5 f6 12. Bh4 g5 13. Bg3 g4 14. Ng1 b4 15. cxb4
Bxb4+ 16. Nd2 Rb8 17. Qc1 Kd7 18. Qc2 Nd4 19. Qa4+ Nc6 20. Rc1 Bb7 21. Bxa6 Ba8
22. a3 Bc5 23. b4 Bd4 24. b5 Ne7 25. b6+ Nc6 26. bxc7 Qxc7 27. Nb3 Ke6 28. Nxd4+
exd4 29. Qc4+ Kd7 30. Ne2 Qa5+ 31. Kd1 Qxa3 32. Nxd4 Rb4 33. Qe6+ Kc7 34. Rxc6+
Kb8 35. Qxd6+ 1-0

[Event "PalmeirasXUniaodeTaquaruÃ§Ãº"]
[Site "http://www.queenalice.com/game.php?id=20172"]
[Date "2005.7.18"]
[Round "-"]
[White "Wendt"]
[Black "Adriano_Pereira"]
[Result "0-1"]
[WhiteElo "961"]
[BlackElo "1400"]

1. e4 e5 2. Qh5 Qf6 3. Bc4 g6 4. Qf3 Bc5 5. Qxf6 Nxf6 6. d3 Ng4 7. Be3 Bxe3 8.
fxe3 Nxe3 9. Kd2 Nxc4+ 10. dxc4 O-O 11. Nf3 Re8 12. Nc3 Na6 13. Rhe1 b6 14. Nd5
Re6 15. b4 c5 16. b5 Nb4 17. Nxb4 cxb4 18. Rab1 a5 19. c3 bxc3+ 20. Kxc3 a4 21.
Rf1 Bb7 22. Kd3 f5 23. Ng5 Rd6+ 24. Ke3 h6 25. Nf3 fxe4 26. Nxe5 Re8 27. Nf7
Rd3+ 28. Ke2 Kg7 29. Rf4 Rf8 30. Ne5 Rxf4 31. Rf1 Rxf1 32. Kxf1 Rd1+ 33. Ke2 Rd6
34. g4 h5 35. h3 hxg4 36. hxg4 Kf6 0-1

[Event "Challenge"]
[Site "http://www.queenalice.com/game.php?id=20188"]
[Date "2005.7.18"]
[Round "-"]
[White "Wendt"]
[Black "Rogerio"]
[Result "0-1"]
[WhiteElo "958"]
[BlackElo "1603"]

1. e4 e5 2. Qh5 Nc6 3. Nf3 Nf6 4. Qh3 d5 5. d3 Bxh3 6. gxh3 dxe4 7. dxe4 Nxe4 8.
Bd3 Nf6 9. a3 Be7 10. Rg1 O-O 11. Bh6 Nh5 12. Nc3 Re8 13. Bf5 Nd4 14. Nxd4 exd4
15. Ne4 Bf6 16. Rg4 Qd5 17. Rd1 Qxf5 18. Rg3 Nxg3 19. f3 Nxe4 20. Rxd4 Bxd4 0-1

[Event "o Bom(eu)XUniadeVarzea!!!"]
[Site "http://www.queenalice.com/game.php?id=20189"]
[Date "2005.7.18"]
[Round "-"]
[White "Wendt"]
[Black "Adriano_Pereira"]
[Result "0-1"]
[WhiteElo "945"]
[BlackElo "1427"]

1. e4 e5 2. Qh5 Qf6 3. Nf3 g6 4. Qxe5+ Be7 5. Qxc7 Qc6 6. Qe5 f6 7. Qg3 Qxc2 8.
Nc3 Bb4 9. a3 Bxc3 10. dxc3 Qa4 11. Bd3 Ne7 12. Ke2 b6 13. Bf4 Nec6 14. e5 Ba6
15. Rad1 Qe4+ 16. Kd2 Qxd3+ 17. Ke1 Qe2# 0-1

[Event "Challenge"]
[Site "http://www.queenalice.com/game.php?id=20396"]
[Date "2005.7.19"]
[Round "-"]
[White "sibeli"]
[Black "Wendt"]
[Result "0-1"]
[WhiteElo "1088"]
[BlackElo "945"]

1. e4 e5 2. d4 Nc6 3. dxe5 Nxe5 4. Bf4 Ng6 5. Nh3 Qf6 6. e5 Qf5 7. Bd3 Qe6 8.
Ng5 Qd5 9. Nc3 Qxg2 10. Qf3 Nxf4 11. Qxg2 Nxg2+ 12. Kf1 Nf4 13. Bc4 Bc5 14. Nxf7
Ng6 15. Nxh8 Nxh8 16. Bxg8 Bd4 17. Bxh7 Bxe5 18. h4 b6 19. h5 Bb7 20. Rg1 Nf7
21. Bg6 Ke7 22. Nb5 Nd6 23. Nxc7 Rc8 24. Nd5+ Kd8 25. Rg5 Bxb2 26. Rd1 Rc5 27.
a4 b5 28. axb5 Rxb5 29. f4 Nc4 30. Bd3 Bxd5 31. Bxc4 Bxc4+ 32. Kf2 Rb6 33. Rxg7
Bxg7 34. f5 Rh6 35. Rh1 Bd5 36. Rg1 Bd4+ 37. Kf1 Rxh5 38. Rg8+ Bxg8 39. c3 Bxc3
40. f6 Rf5+ 41. Kg2 Rxf6 42. Kg3 Rg6+ 43. Kh4 Rh6+ 44. Kg5 Bf6+ 45. Kxh6 a5 46.
Kg6 Bd4 47. Kh6 a4 48. Kg6 a3 49. Kf5 a2 50. Ke4 Bb2 51. Kd3 a1=Q 52. Kc2 Qc1+
53. Kd3 Qc3+ 54. Ke4 Bh7+ 55. Kf4 Bc1+ 56. Kg4 Qg7+ 57. Kh4 Bf5 58. Kh5 Qh6# 0-1

[Event "Challenge"]
[Site "http://www.queenalice.com/game.php?id=20783"]
[Date "2005.7.21"]
[Round "-"]
[White "warmling"]
[Black "Wendt"]
[Result "1-0"]
[WhiteElo "1398"]
[BlackElo "958"]

1. e4 e5 2. d4 Nc6 3. Nc3 Bb4 4. Bb5 Na5 5. a3 Nb3 6. cxb3 Bxc3+ 7. bxc3 Qh4 8.
Qd3 Qg4 9. g3 Nf6 10. h3 Qg6 11. f3 Qxg3+ 12. Ke2 c6 13. dxe5 Nd5 14. exd5 cxb5
15. Qxb5 Qg2+ 16. Ke3 Qxh1 17. Qf1 d6 18. exd6 Be6 19. dxe6 fxe6 20. a4 Rc8 21.
c4 Rc6 22. Qd1 Rf8 23. Ke2 Qh2+ 24. Ke3 Qxd6 25. Bb2 g6 26. Ba3 Qe5+ 27. Kf2 Rf7
28. c5 Rd7 29. Qe1 Qd4+ 30. Kg2 Rb6 31. Rb1 Rc6 32. Bb2 Qxc5 33. b4 Qc2+ 34. Ne2
Qxa4 35. Bc3 Qa6 36. b5 Qa3 37. bxc6 Rd3 38. Bb4 Qa6 39. Rc1 bxc6 40. Nf4 Rd7
41. Nxe6 Qb6 42. Ng7+ Kd8 43. Ba5 Re7 44. Bxb6+ Kd7 45. Qd1+ Kc8 46. Rxc6+ Kb7
47. Qd5 Rxg7 48. Rc7+ Kxb6 49. Rxg7 Ka6 50. Rxh7 Kb6 51. Rg7 Ka6 52. Rxg6# 1-0

[Event "Challenge"]
[Site "http://www.queenalice.com/game.php?id=21037"]
[Date "2005.7.23"]
[Round "-"]
[White "Wendt"]
[Black "vitinhothai"]
[Result "0-1"]
[WhiteElo "1051"]
[BlackElo "1138"]

1. e4 e5 2. Qh5 Nf6 3. Qxe5+ Qe7 4. Qxc7 Qxe4+ 5. Kd1 Nc6 6. d3 Qd4 7. b3 Nd5 8.
Qg3 Qf6 9. c4 Ndb4 10. Bg5 Qxa1 11. Kc1 Nxa2+ 12. Kc2 Qc3+ 13. Kd1 Qc1+ 14. Ke2
Nd4# 0-1

[Event "Challenge"]
[Site "http://www.queenalice.com/game.php?id=21192"]
[Date "2005.7.24"]
[Round "-"]
[White "Wendt"]
[Black "sibeli"]
[Result "1-0"]
[WhiteElo "958"]
[BlackElo "1088"]

1. Nc3 d5 2. e4 c6 3. Nf3 f5 4. d3 fxe4 5. dxe4 Nf6 6. Qd3 a5 7. Bf4 dxe4 8.
Qxd8+ Kxd8 9. Rd1+ Bd7 10. Ng5 Ke8 11. Bc4 Bg4 12. f3 Bd7 13. Nf7 Rg8 14. fxe4
b5 15. Bb3 a4 16. e5 Nh5 17. e6 Bc8 18. Rd8# 1-0

[Event "AUTO-BEG-05"]
[Site "http://www.queenalice.com/game.php?id=21925"]
[Date "2005.7.29"]
[Round "1"]
[White "Wendt"]
[Black "big2003"]
[Result "0-1"]
[WhiteElo "1032"]
[BlackElo "1460"]

1. e4 e5 2. Qh5 Nc6 3. Bc4 g6 4. Qf3 Qf6 5. Qd3 Bc5 6. b3 Qxf2+ 7. Kd1 d5 8.
Qxd5 Be6 9. Qd3 Bxc4 10. bxc4 Qxg2 11. Qd5 Bxg1 12. Rxg1 Qxg1+ 13. Ke2 Qxh2+ 14.
Kd1 Nd4 15. d3 Qe2# 0-1

[Event "AUTO-BEG-05"]
[Site "http://www.queenalice.com/game.php?id=21926"]
[Date "2005.7.29"]
[Round "1"]
[White "big2003"]
[Black "Wendt"]
[Result "1-0"]
[WhiteElo "1450"]
[BlackElo "1051"]

1. c4 e5 2. Nc3 Qh4 3. Nf3 Qxc4 4. Nxe5 Qe6 5. Nf3 Bb4 6. d4 Nf6 7. Bd2 Kd8 8.
Ng5 Qe8 9. Qb3 Bd6 10. Nxf7+ Ke7 11. Nxh8 Qxh8 12. Bg5 h6 13. Bxf6+ Kxf6 14.
Ne4+ Ke7 15. Nxd6 cxd6 16. e3 g5 17. Be2 Qh7 18. O-O b6 19. Rac1 Bb7 20. f4 gxf4
21. Rxf4 a5 22. Rcf1 Qg7 23. Rf7+ 1-0

[Event "Challenge"]
[Site "http://www.queenalice.com/game.php?id=23190"]
[Date "2005.8.8"]
[Round "-"]
[White "Wendt"]
[Black "sibeli"]
[Result "0-1"]
[WhiteElo "1047"]
[BlackElo "1081"]

1. e4 e5 2. d3 h5 3. Nf3 f6 4. Nh4 g5 5. Ng6 Rh6 6. Nxf8 Kxf8 7. b3 c5 8. Nc3
Qa5 9. Qd2 b5 10. d4 b4 11. Na4 cxd4 12. Bc4 Ne7 13. h4 Ba6 14. Bd5 Nxd5 15.
exd5 Qxd5 16. Qxb4+ d6 17. Qd2 Bb5 18. Nb6 axb6 19. hxg5 Rg6 20. a4 Qxg2 21. Rf1
fxg5 22. axb5 Rxa1 23. Qd1 g4 24. Qd3 Rxc1+ 25. Ke2 Rxf1 26. Qxg6 Rxf2+ 27. Kd3
Rd2+ 28. Kc4 Rxc2+ 29. Kb4 h4 30. Qxd6+ Kf7 31. Qxb8 Qd5 32. Qxb6 Ke7 33. Qg6
Qc5+ 34. Ka5 Ra2# 0-1

[Event "Challenge"]
[Site "http://www.queenalice.com/game.php?id=25688"]
[Date "2005.8.24"]
[Round "-"]
[White "toura"]
[Black "Wendt"]
[Result "0-1"]
[WhiteElo "1132"]
[BlackElo "1083"]

1. Nf3 f6 2. d4 d6 3. c4 e5 4. Nc3 exd4 5. Nxd4 Qe7 6. e3 c5 7. Nf3 Bg4 8. Be2
Nh6 9. O-O Qd8 10. h3 Bh5 11. a3 Nc6 12. Nd5 Nf5 13. b3 Na5 14. b4 Nc6 15. Bd3
Nfe7 16. b5 Ne5 17. Be2 Nxf3+ 0-1

[Event "Challenge"]
[Site "http://www.queenalice.com/game.php?id=27267"]
[Date "2005.9.3"]
[Round "-"]
[White "Wendt"]
[Black "Adriano_Pereira"]
[Result "0-1"]
[WhiteElo "1101"]
[BlackElo "1432"]

1. e4 e5 2. Qh5 Qf6 3. Bc4 g6 4. Qf3 d6 5. Qxf6 Nxf6 6. Bb5+ c6 7. Ba4 b5 8. Bb3
Nxe4 9. f3 Nc5 10. h3 Nxb3 11. axb3 Bf5 12. g4 Bxc2 13. Nc3 Bxb3 14. Ne4 d5 15.
Nf6+ Ke7 16. Ra3 Kxf6 17. Rxb3 Nd7 18. Ne2 Nc5 19. Rc3 b4 20. Rxc5 Bxc5 21. d3
b3 22. Nc3 Bb4 23. Bd2 d4 24. Ne4+ Ke6 25. Bxb4 Rab8 26. Bd2 f5 27. Nc5+ Kd5 28.
Nd7 Rbd8 29. Nf6+ Ke6 30. g5 h6 31. Ng4 fxg4 32. hxg4 hxg5 33. Rg1 Kf6 34. Ke2
Rh2+ 35. Kf1 Rxd2 0-1

[Event "Challenge"]
[Site "http://www.queenalice.com/game.php?id=31854"]
[Date "2005.10.6"]
[Round "-"]
[White "warmling"]
[Black "Wendt"]
[Result "1-0"]
[WhiteElo "1324"]
[BlackElo "1101"]

1. e4 h5 2. Nf3 g6 3. Ne5 d6 4. Nc4 Nf6 5. f3 d5 6. Ne5 dxe4 7. Bc4 e6 8. Nc3
Qd4 9. Bb5+ Ke7 10. f4 g5 11. Rf1 Qc5 12. d4 Qb4 13. fxg5 Ng4 14. Nxf7 Rh7 15.
g6 Rxf7 16. gxf7 Nxh2 17. Bg5+ Kd6 18. Bf4+ Ke7 19. Bxh2 Qxb2 20. Kd2 e3+ 21.
Kd3 a6 22. Bc4 Qb6 23. Qxh5 Qb2 24. Bxc7 Nc6 25. Ne2 a5 26. Qg5+ Kd7 27. Bf4
Qa3+ 28. c3 Qa4 29. Bxe3 b6 30. Bb5 Qa3 31. d5 exd5 32. Qxd5+ Kc7 33. Bxc6 Ra7
34. Rf6 Qb2 35. Rc1 Ba6+ 36. c4 Qxf6 37. Nd4 Kb8 38. Rb1 Rxf7 39. Rxb6+ Ka7 40.
Qxa5 Qf1+ 41. Kd2 Qxc4 42. Nb5+ Qxb5 43. Bxb5 Rb7 44. Rxa6+ Kb8 45. Qd8# 1-0

[Event "Challenge"]
[Site "http://www.queenalice.com/game.php?id=33759"]
[Date "2005.10.18"]
[Round "-"]
[White "Wendt"]
[Black "Boeing"]
[Result "1-0"]
[WhiteElo "1148"]
[BlackElo "1801"]

1. e4 e5 2. Qh5 d6 3. Bb5+ c6 4. Ba4 Nf6 5. Qf3 Bg4 6. Qg3 Na6 7. h3 Bh5 8. d3
h6 9. Nf3 Bxf3 10. gxf3 Nh5 11. Qg2 b5 12. Bb3 c5 13. Bd5 Rb8 14. c4 Nf4 15.
Bxf4 exf4 16. Na3 bxc4 17. Bxc4 Qa5+ 18. Kf1 Rxb2 19. Bxa6 Qxa6 20. Nc4 Rxa2 21.
Rc1 g5 22. h4 Bg7 23. Qg4 Ke7 24. hxg5 hxg5 25. Qxg5+ Bf6 26. Qg2 Bd4 27. Rxh8
Rxf2+ 28. Qxf2 Bxf2 29. Kxf2 Qa2+ 30. Ke1 Ke6 31. Rh6+ f6 32. Rh5 Qg2 33. Rd5
Qxf3 34. Rd1 Qg3+ 35. Kd2 Qf2+ 36. Kc1 f3 37. Rxd6+ Kf7 38. Ra6 Kg6 39. Rxa7 Qe2
40. Rb7 Qh2 41. Rb2 Qh6+ 42. Nd2 f2 43. Rf1 Qe3 44. Kc2 c4 45. dxc4 Kg5 46. Rb3
Qa7 47. Rg3+ Kh4 48. Rf3 Qa2+ 49. Kd3 Qa3+ 50. Ke2 Kg5 51. Rxa3 1-0